00729nam a2200205Ia 4500003000500000008004100005020002200046040001900068082000700087100001900094245009900113246009800212260003700310300001000347365000800357546001200365942001600377999001700393952011300410STCL230729s9999 xx 000 0 und d a9788131601198qHB aSTCLcSTCLbEN 222 aSingla, Pamela 0aWome's participation in panchayati raj: nature and effectiveness: a northern India perspective aWomens participation in panchayati raj: nature and effectiveness a northern India perspective bRawat PublicationsaJaipurc2007 a285 p b415 aEnglish 2DDCe22cBK c90471d90471 00102DDC4070aSTCALbSTCALcGENd2023-07-29l0o305.42 SIN-WpJ00832r2023-07-29 00:00:00w2023-07-29yBK